Pravidla hry důstojná pojmu liberalismus
Vecná náplň pojmu liberalizmus. Spory o veľkosti štátu a jeho základných funkciách. Vymedzenie vzťahov, pravidiel a vlastností medzi občanom a štátom. Zneužívanie štátu vo vlastný prospech. Ochrana vlastníckych práv a problémy globalizácie.
Salvato in:
| Autore principale: | |
|---|---|
| Natura: | Capitolo di libro |
| Lingua: | ceco |
| Soggetti: | |
| Tags: |
Nessun Tag, puoi essere il primo ad aggiungerne!!
|
MARC
| LEADER | 00000naa a2200000 4500 | ||
|---|---|---|---|
| 001 | r045279 | ||
| 005 | 20231003115056.6 | ||
| 041 | 0 | |a cze | |
| 044 | |a CZ | ||
| 245 | 1 | 0 | |a Pravidla hry důstojná pojmu liberalismus |c Eva Klvačová |
| 520 | |a Vecná náplň pojmu liberalizmus. Spory o veľkosti štátu a jeho základných funkciách. Vymedzenie vzťahov, pravidiel a vlastností medzi občanom a štátom. Zneužívanie štátu vo vlastný prospech. Ochrana vlastníckych práv a problémy globalizácie. | ||
| 610 | 2 | 0 | |a liberalizmus |
| 610 | 2 | 0 | |a štát |
| 610 | 2 | 0 | |a regulácia štátna |
| 610 | 2 | 0 | |a ochrana vlastníctva |
| 610 | 2 | 0 | |a demokracia |
| 610 | 2 | 0 | |a sloboda ekonomická |
| 100 | 1 | |a Klvačová, Eva | |